Datum a čas kvízu
30
Celkem bodů
Celkový počet nahraných bodů na tomto kvízu bez doplňovacích otázek.
8.
Pořadí na kvízu
Konečné umístění týmu na tomto kvízu.
Zaznamenané odpovědi
| # | Otázka | Odpověď | Body | Výsledky |
|---|---|---|---|---|
| 1. | Který český ministr v poslední... | Vít Rakušan | 1 | |
| 2. | K bezprecedentnímu kroku se od... | už nenabízí alkohol | 0 | |
| 3. | Cenu Czech Press Photo za rok... | D) v budově soudu | 0 | |
| 4. | V pondělí byl slavnostně otevř... | v Otrokovicích | 1 | |
| 5. | Trenér Jaroslav Šilhavý po ned... | Omán | 1 | |
| 6. | Ve třetím díle cestovatelského... | Jeseník | 1 | |
| 7. | Přejdeme k písmenu K. Který z... | B | 0 | |
| 8. | Ve kterém americkém městě může... | v Los Angeles | 1 | |
| 9. | S písmenem M se vracíme do Čes... | v Mníšku pod Brdy | 0 | |
| 10. | Ve kterém století byl vybudová... | v 19. století | 1 |